000 02434nam0a2200349 i 4500
001 RU\NLR\bibl\2011189
005 20260408103436.0
010 _a9785423400620
_950
021 _aRU
_b2013-13214
_9944
035 _a(nilc)RuMoRGB-006540223
035 _a(NLR Aleph) 001999732
090 _a4341996
_c4341996
100 _a20130226d2012 u y0rusy50 ca
101 0 _arus
102 _aRU
105 _aa |||||||||
200 1 _aКафедра "Региональная экономика и предпринимательство" Экономического факультета Чувашского государственного университета имени И. Н. Ульянова
_eнам 45 лет
_f[М-во образования и науки Российской Федерации, Федеральное гос. бюджетное образовательное учреждение высш. проф. образования "Чуваш. гос. ун-т им. И.Н. Ульянова"
_gсост.: Н. В. Морозова и др.
_gпод ред. проф. А.Е. Яковлева]
210 _aЧебоксары
_cПерфектум
_d2012
215 _a93 с.
_cил., портр., табл., цв. ил., портр.
_d23
601 0 2 _aЧувашский государственный университет им. И. Н. Ульянова
_bКафедра "Региональная экономика и предпринимательство"
_cЧебоксары, город
_92234015
_3RU\NLR\AUTH\6601572893
686 1 _aЧ489.34(2Р)7
702 1 _4340
_8rus
_7ca
_aЯковлев
_bА. Е.
_cд-р экон. наук
_f1953-
_gАнатолий Егорович
_3RU\NLR\auth\7742284
_925229
702 1 _4220
_8rus
_7ca
_aМорозова
_bН. В.
_cканд. экон. наук
_gНаталия Витальевна
_3RU\NLR\auth\7774337
_957265
712 0 2 _4570
_aЧувашский государственный университет им. И. Н. Ульянова
_cЧебоксары
_bКафедра "Региональная экономика и предпринимательство"
_3RU\NLR\AUTH\8810242744
_9371372
801 0 _aRU
_bRuMoRKP
_c20130226
_gRCR
801 2 _aRU
_bРГБ
_c20130410
_grcr
801 1 _aRU
_bRuMoRKP
_c20130226
_2rusmarc
801 2 _aRU
_bNLR
_c20130313
_grcr
942 _cBOOK
980 _aNBR